Normal view
MARC view
- AUDIOLOGY
Entry Topical Term
001 - CONTROL NUMBER
- control field: 56919
003 - CONTROL NUMBER IDENTIFIER
- control field: NUST
005 - DATE AND TIME OF LATEST TRANSACTION
- control field: 20210628201816.0
008 - FIXED-LENGTH DATA ELEMENTS
- fixed length control field: 210628|| aca||aabn | a|a d
040 ## - CATALOGING SOURCE
- Original cataloging agency: NUST
- Transcribing agency: NUST
150 ## - HEADING--TOPICAL TERM
- Topical term or geographic name entry element: AUDIOLOGY
670 ## - SOURCE DATA FOUND
- Source citation: Work cat.: (NUST): Gelfand, Stanley A 56918, Essentials of audiology, 1997
